| 000 | 00983nam a22002417a 4500 | ||
|---|---|---|---|
| 999 |
_c12976 _d12976 |
||
| 003 | AR-CdUCM | ||
| 008 | 190410b ||||| |||| 00| 0 spa d | ||
| 020 | _a9972-778-01-0 | ||
| 040 |
_aMUNICIPALIDAD PROVINCIAL DEL CUSCO _cBIBLIOTECA MUNICIPAL DEL CUSCO |
||
| 082 |
_a333.951 / _bG156 |
||
| 100 |
_aGaliano Sánchez, Washington _931119 |
||
| 245 |
_aSituación ecológico-ambiental del Santuario Histórico de Macchu Picchu : _bUna aproximación / |
||
| 260 |
_aCusco : _bPrograma Machu Picchu, _c2000. |
||
| 300 |
_a104 páginas ; _bFotografias, ilustraciones, mapa, _c24 cm. |
||
| 505 | _aContenido: Diversidad biológica -- Problemática ambiental -- Vacíos de información en el SHMP -- Ampliación de los Límites del SHMP. | ||
| 650 |
_aEcología _94960 |
||
| 650 |
_aPerú-Cusco _95400 |
||
| 650 |
_aBiodiversidad _919327 |
||
| 650 |
_aConservación de los recursos naturales _922198 |
||
| 710 |
_aPROFONANPE _924560 |
||
| 942 |
_2ddc _cLIBROS |
||
| 945 |
_acmm _d2019-04-10 |
||